| 000 | 00720nam a2200217 a 4500 | ||
|---|---|---|---|
| 005 | 20210223132910.0 | ||
| 008 | 160502s2006 es r 000 0 spa d | ||
| 020 | _a8427220553 | ||
| 035 | _aUPN01000209982 | ||
| 049 | _aI | ||
| 050 | 4 |
_aQB983 _bP6.3 |
|
| 100 | 1 |
_aPoskitt, Kjartan, _d1956- _938901 |
|
| 245 | 1 | 0 |
_aEsa inmensa galaxia / _cKjartan Poskitt ; tr. Conchita Peraire del Molino ; il. Daniel Postgate. |
| 260 |
_aBarcelona, Esp. : _bRBA Libros, _c2006. |
||
| 300 |
_a159 p. : _bil. |
||
| 440 | 0 | _aEsa horrible ciencia | |
| 534 |
_pTÃtulo original: _tThe gobsmaching galaxy |
||
| 650 | 4 |
_aCOSMOLOGIA - _vLITERATURA JUVENIL _917401 |
|
| 650 | 4 |
_aASTRONOMIA - _vLITERATURA INFANTIL _911353 |
|
| 905 | _aInfantil | ||
| 999 |
_c182083 _d182083 |
||